00373 a2200145 4500003000400000005001700004008004100021020001800062040000900080082001500089100002700104245004700131260004000178300000900218OSt20231107145551.0231107b |||||||| |||| 00| 0 eng d a9789391938017 coclc a915bKIN/M aKinalur, Mujeeb Rahman aMisr enna Rajathi /cMujeeb Rahman Kinalur aKerala:bYuvatha book house,c2021. a120p